000 00759cab a22002055a 4500
001 E149989
008 100521s2010 xxk 000 0 eng d
035 _a(Sirsi) u149989
041 0 _aeng
110 2 _aRoyal Institution of Chartered Surveyors
_94900
245 0 0 _aRecognition of professional qualifications in the EU
_bFAQ
_h[electronic resource]
260 _c2010
490 _aRICS Feature
_vFebruary 2010
520 _aSets out information related to recognition of professional qualifications in the EU.
590 _aKA
651 4 _aEurope
690 _aCAREERS, EDUCATION AND TRAINING
856 4 0 _uhttps://www.rics.org/site/download_feed.aspx?fileID=6537&fileExtension=PDF
_zView the information free of charge at www.rics.org
942 _n0
999 _c82356
_d82356